YG - Quiz sur l'agence - Statistiques

Statistiques générales
  • Ce quiz a été pris 2 fois
  • Le résultat moyen est 15 sur 39
Statistiques - réponses
Hint Réponse % Correct
Information sur les groupes Nom du premier girl group 2NE1
100%
Survival shows et émissions Combien de groupes de l'agence on été formés via un survival show 4
100%
Artistes Commençant par B BIGBANG
100%
Artistes Commençant par B Blackpink
100%
Records et succès Festival auquel un groupe de l'agence a été le premier groupe de K-pop féminin à y performer Coachella
100%
Records et succès Premier MV K-pop à dépasser 1 milliard de vues pour YG DDU-DU DDU-DU
100%
Artistes Commençant par un chiffre 2NE1
100%
Artistes Commençant par T Treasure
100%
Survival shows et émissions Nom du survival show masculin Who Is Next: WIN
100%
Artistes Commençant par W Winner
100%
Information sur l'agence Année de fondation 1996
50%
Artistes Commençant par A AKMU
50%
Artistes Commençant par B BabyMonster
50%
Information sur l'agence Pays où est basé l'agence Corée du Sud
50%
Records et succès Chanson virale de BIGBANG sortie en 2012 Fantastic Baby
50%
Survival shows et émissions Nom de l’émission documentaire de BLACKPINK sur Netflix Light Up the Sky
50%
Information sur l'agence Ville où se trouve le siège Séoul
50%
Autres Membre qui a quitté son groupe suite au scandale lié aux clubs et célébrités en 2019 Seungri
50%
Information sur l'agence Nom complet de l'agence YG Entertainment
50%
Artistes Commençant par un chiffre 1TYM
0%
Information sur les groupes Nom du premier groupe à avoir débuté 1TYM / Jinusean
0%
Autres Nom de ce scandale Burning Sun
0%
Labels Commençant par H HIGHGRND
0%
Artistes Commençant par I iKON
0%
Artistes Soliste masculin célèbre de l'agence G-Dragon
0%
Information sur l'agence Directeur.ice générale.e actuel.le Hwang Bokyung
0%
Information sur l'agence Ancien nom de l'agence Hyun Planning / MF Planning / Yang Goon Planning
0%
Survival shows et émissions Nom du survival show féminin Last Evaluation
0%
Survival shows et émissions Nom du survival show de ce qui n'ont pas débuté dans le survival show précédant Mix & Match
0%
Labels Commençant par P PSYG
0%
Autres Producteur star de l'agence devenu dirigeant d'un label affilié Teddy Park
0%
Labels Commençant par T The Black Label
0%
Information sur l'agence Origine des initiales de l'agence Yang Gun
0%
Information sur l'agence Fondateur de HYBE Yang Hyunsuk et Yang Minsuk
0%
Labels Commençant par Y YG Entertainment Japan
0%
Labels Commençant par Y YGEX
0%
Information sur l'agence Nom de la plateforme communautaire pour les fans YG Select
0%
Survival shows et émissions Nom du survival show masculin diffusé entre 2018 et 2019 YG Treasure Box
0%
Labels Commençant par Y YG Underground
0%
Aucun quiz correspondant
Distribution des résultats
% des personnes avec chaque résultat
Percentile par nombre de réponses
Votre historique - résultats
Vous n’avez pas pris ce quiz